Ejercicios y problemas resueltos de química inorgánica /

Gespeichert in:
Bibliographische Detailangaben
1. Verfasser: Bernard, Maurice (autor)
Format: Buch
Sprache:Spanisch
Veröffentlicht: México : CECSA, 1995, c1995
Schlagworte:
Tags: Tag hinzufügen
Keine Tags, Fügen Sie das erste Tag hinzu!

MARC

LEADER 00000nam^a2200000^a^4500
001 000143225
005 20250521000000.0
009 20260310095717.692
020 |a 968-26-1293-4 
037 |a Acervo ITESO - Biblioteca 
041 |a ESP 
082 |a 546. 076  |b BER 
100 |a Bernard, Maurice  |e (autor) 
245 1 0 |a Ejercicios y problemas resueltos de química inorgánica /  |c M. Bernard ; tr. por María Teresa Aguilar Ortega. 
264 4 |a México :  |b CECSA,  |c 1995, c1995 
300 |a XIII, 316 p. 
336 |a texto  |b txt  |2 rdacontenido 
337 |a sin mediación  |b n  |2 rdamedio 
338 |a volumen  |b nc  |2 rdasoporte 
500 |a Traducción de: Exercices et problèmes resolus de chimie minérale 
649 |a XX 
650 |a Atomos 
650 |a Estructura Atómica 
650 |a Agua 
650 |a Ph 
650 |a Reacción de Oxidación-Reducción 
650 |a Reacciones Químicas 
650 |a Halógenos 
650 |a Gases Nobles 
650 |a Tabla Periódica 
650 |a Elementos Químicos 
650 |a Química Inorgánica -  |x Problemas, Ejercicios, etc. 
910 |a Fondo General 
920 |a Impresos - Libros 
930 |a Colección General 
905 |a 101 
901 |a 0500071774  |b IT1  |c ACC  |u 20250521 
902 |a https://opac.biblio.iteso.mx/vufind/Record/000143225